College Football Cities: SEC - Statistics

General Stats
  • This quiz has been taken 172 times
    162 since last reset
  • The average score is 13 of 16
Answer Stats
School City % Correct
LSU Baton Rouge, LA
92%
Vanderbilt Nashville, TN
92%
Alabama Tuscaloosa, AL
91%
Georgia Athens, GA
88%
Texas Austin, TX
88%
Tennessee Knoxville, TN
84%
Florida Gainesville, FL
83%
______ Auburn, AL
81%
Texas A&M College Station, TX
80%
Arkansas Fayetteville, AR
71%
Missouri Columbia, MO
70%
South Carolina Columbia, SC
70%
Kentucky Lexington, KY
70%
Ole Miss Oxford, MS
70%
Oklahoma Norman, OK
69%
Mississippi State Starkville, MS
59%
No matching quizzes found
Score Distribution
Percent of People with Each Score
Percentile by Number Answered
Your Score History
You have not taken this quiz since the last reset